000
00286nam a2200121Ia 4500
008
190216s9999||||xx |||||||||||||| ||und||
100
_a
Kesava Pillai K G
245
0
_a
Kesaveeyam
260
_b
"House Of Knowledge, Trichur"
_c
1967
300
_a
76p
650
_a
Kavithkal
942
_c
BK
999
_c
25833
_d
25833